| 000 | 00724nam a2200241 a 4500 | ||
|---|---|---|---|
| 008 | |||
| 020 | _a0340589167 (pbk.) | ||
| 049 | _aMAIN | ||
| 090 | 0 |
_aTN690 _bHIG |
|
| 100 | 1 | _aHiggins, Raymond Aurelius. | |
| 245 | 1 | 0 |
_aEngineering metallurgy. _nPt. 1 Applied physical Metallurgy / _cby Raymond A. Higgins. |
| 250 | _a6th ed. | ||
| 260 |
_aLondon : _bHodder and Stoughton, _c1983. |
||
| 300 |
_aviii, 550 p. : _bill. ; _c22 cm. |
||
| 500 | _aIncludes index. | ||
| 504 | _aIncludes bibliographical references. | ||
| 650 | 0 | _aMetallurgy. | |
| 907 |
_a.b10169131 _b21-02-13 _c25-07-05 |
||
| 003 | |||
| 005 | 20230123134038.0 | ||
| 040 | _cNUST | ||
| 942 |
_cBOOKS _kTN690 _mHIG |
||
| 999 |
_c159089 _d159089 |
||